Asianvibe : arte contemporáneo asiático /
Asianvibe fue la primera gran exposición de arte asiático contemporáneo que se montó en España, presentada por el Espai d'Art Contemporani de Castelló en 2002. Exhibió la producción artística reciene del este y sudeste de Asia, evidenciando por igual la manera como los creadores se relacionan con su...
Guardado en:
| Andre forfattere: | , , |
|---|---|
| Format: | Bog |
| Sprog: | spansk |
| Udgivet: |
Valencia, España :
Generalitat Valenciana,
2002, c2002
|
| Fag: | |
| Tags: |
Ingen Tags, Vær først til at tagge denne postø!
|
MARC
| LEADER | 00000nam^a2200000^a^4500 | ||
|---|---|---|---|
| 001 | 000172296 | ||
| 005 | 20250521000000.0 | ||
| 009 | 20260310101412.378 | ||
| 020 | |a 84-482-2943-6 | ||
| 037 | |a Acervo ITESO - Biblioteca | ||
| 041 | |a ESP | ||
| 082 | |a 709. 5051 |b ASI | ||
| 245 | 0 | 0 | |a Asianvibe : |b arte contemporáneo asiático / |c Idea original de H. Hanru ; introd. de J.M.G. Cortés ; presen. de E. Zaplana Hernández-Soro |
| 264 | 4 | |a Valencia, España : |b Generalitat Valenciana, |c 2002, c2002 | |
| 336 | |a texto |b txt |2 rdacontenido | ||
| 337 | |a sin mediación |b n |2 rdamedio | ||
| 338 | |a volumen |b nc |2 rdasoporte | ||
| 520 | |a Asianvibe fue la primera gran exposición de arte asiático contemporáneo que se montó en España, presentada por el Espai d'Art Contemporani de Castelló en 2002. Exhibió la producción artística reciene del este y sudeste de Asia, evidenciando por igual la manera como los creadores se relacionan con su entorno inmediato, pero también las distintas formas de concebir el hecho artístico. | ||
| 546 | |a Edición trilingüe español-inglés-valenciano | ||
| 649 | |a XX | ||
| 650 | |a Museos y Galerías - |z Castellón de la Plana, España - |x Exposiciones | ||
| 650 | |a Museos y Galerías - |z España - |x Exposiciones | ||
| 650 | |a Museos y Galerías - |x Exposiciones | ||
| 650 | |a Arte Asiático - |y 1990-1999 | ||
| 650 | |a Arte Asiático - |y Siglo XX | ||
| 650 | |a Arte Asiático - |y 2000-2009 | ||
| 650 | |a Arte Asiático - |y Siglo XXI | ||
| 650 | |a Arte Asiático - |x Historia y Crítica | ||
| 650 | |a Arte Asiático - |z Castellón de la Plana, España - |x Exposiciones | ||
| 650 | |a Arte Asiático - |z España - |x Exposiciones | ||
| 650 | |a Arte Asiático - |x Exposiciones | ||
| 700 | |a Hanru, Hou |e (idea original y texto) | ||
| 700 | |a Cortés, José Miguel G. |e (introducción) | ||
| 700 | |a Zaplana Hernández-Soro, Eduardo |e (presentación) | ||
| 910 | |a Fondo General | ||
| 920 | |a Impresos - Libros | ||
| 930 | |a Reserva Especial | ||
| 905 | |a 103 | ||
| 901 | |a 0500109629 |b IT1 |c REE |u 20250521 | ||
| 902 | |a https://opac.biblio.iteso.mx/vufind/Record/000172296 | ||